000 00724cam a2200217 a 4500
001 BIIH006511
008 s1977 sp spa
020 _a8400036654
035 _aBIIH006511
050 4 _aF1419 .N4
_bV55 1977
100 1 _aVila Vilar, Enriqueta
245 1 0 _aHispanoamérica y el Comercio de esclavos /
_cEnriqueta Vila Vilar.
260 _aSevilla :
_bEscuela de Estudios Hispanoamericanos de Sevilla,
_c1977
300 _a306 p. ;
_c24 cm.
440 0 _aEscuela de Estudios Hispano-Americanos de Sevilla ; 239
504 _aBibliografía: p. 285-294
504 _aIncluye índice
650 4 _aNegros en Hispanoamérica
650 4 _aTrata de esclavos
_xHispanoamérica
942 _2lcc
_cLIB
999 _c62439
_d62439